Influencia del agregado grueso de cuatro fuentes nacionales en mezclas de concreto
Tallennettuna:
| Päätekijä: | |
|---|---|
| Aineistotyyppi: | Kirja |
| Julkaistu: |
San José, C.R.
2001
|
| Aiheet: | |
| Tagit: |
Lisää tagi
Ei tageja, Lisää ensimmäinen tagi!
|
MARC
| LEADER | 00000nam a2200000Ia 4500 | ||
|---|---|---|---|
| 003 | 008785 | ||
| 005 | 20221231144200.0 | ||
| 008 | 140114s2001 cr a m 000 ||s d | ||
| 040 | |c cru CEDI | ||
| 090 | |a TFG 4349 | ||
| 100 | |a Ulate Retana, Fabio |9 7716 | ||
| 245 | |a Influencia del agregado grueso de cuatro fuentes nacionales en mezclas de concreto | ||
| 260 | |c 2001 |a San José, C.R. | ||
| 300 | |a iv, 140 hojas : ilustraciones (algunas a color) | ||
| 500 | |a Tesis (licenciatura en ingeniería civil)--Universidad de Costa Rica. Facultad de Ingeniería. Escuela de Ingeniería Civil | ||
| 650 | |x HORMIGON |x AGREGADOS (MATERIALES DE CONSTRUCCION) |x MEZCLAS |x CEMENTO PORTLAND |x PRUEBAS |9 7717 | ||
| 942 | |c TFG | ||
| 999 | |c 18089 |d 18089 | ||
